000 00966cab a2200241 4500
001 ABS60159
008 090401t1999 xxu||||| |||| 00| 0 eng d
035 _a(Sirsi) u91506
041 _aeng
100 _aDeakin, M.
245 4 _aThe financial instruments of capital accounting in local authorities
260 _c1999
350 _a0
490 _aJournal of Property Investment and Finance
_v17(1) 1999, 89-107(10)
520 _aExamines the development of the financial instruments required to replace the expenditure-driven logic of public sector finance with the system of capital accounting in local authorities advocated by the Chartered Institute of Public Finance & Accounting. (Taken from Journal headnote)
650 _aCAPITAL ACCOUNTING
650 _aEXPENDITURE-DRIVEN LOGIC
650 _aFINANCIAL INSTRUMENTS
650 _aLOCAL AUTHORITIES
690 _aPROPERTY-PROPERTY FINANCE AND INVESTMENT
942 _n0
948 _c22/02/1999
999 _c58089
_d58089